000 00226nam a22000857a 4500
008 160808b xxu||||| |||| 00| 0 eng d
100 _960
_aJonathan Swift
245 _aGulliver's Travels
260 _aNew Delhi
_bArya Publication
_c2014
999 _c2712
_d2712